01786nam a2200349 a 450000100060000000300080000600500170001400800410003102000220007203500230009403500190011704000270013604100080016308200180017110000500018924500560023926000940029530000210038950400560041065000180046665000280048465000370051265000410054994200120059099900170060295201410061995201390076095201390089995201390103895201400117795201190131732478BD-RjUL20211209051836.0140426s1991 ilu b 000 0 eng d a0934905193 (pbk.) a(OCoLC)ocm25705347 a(BD-RjUL)32567 aIOUcIOUbengdBD-RjUL aeng a297bCHI 19911 aChoudhury, G. W.q(Golam Wahed),d1926-9653110aIslam and the contemporary world /cG.W. Choudhury. aDes Plaines, IL :bLibrary of Islam ;aChicago :bDistributor, Kazi Publications,cc1991. a227 p. ;c23 cm. aIncludes bibliographical references (p. [223]-227). 0aIslam.998826 0aIslam and state.998827 0aIslam and world politics.998828 0aIslamxHistoryy20th century.998829 2ddccBK c32478d32478 00102ddc40718NFICaRUCLbRUCLcReadingd1991-03-10eAcademic pub.g245.00l0o297 CHI 1991r2014-04-26 00:00:00tC-1w2014-04-26yBK 00102ddc40708NFICaRUCLbRUCLcStackd1997-02-26eAsia foundationg0.00l0o297 CHI 1991r2014-04-29 00:00:00tC-2w2014-04-29yBK 00102ddc40708NFICaRUCLbRUCLcStackd1997-02-26eAsia foundationg0.00l0o297 CHI 1991r2014-04-29 00:00:00tC-4w2014-04-29yBK 00102ddc40708NFICaRUCLbRUCLcStackd1997-02-26eAsia foundationg0.00l0o297 CHI 1991r2014-04-29 00:00:00tC-3w2014-04-29yBK 00102ddc40708NFICaRUCLbRUCLcStackd2011-12-17eDhaka publishingg0.00l0o297 CHI 1991r2014-04-29 00:00:00tC-5w2014-04-29yBK 00102ddc40708NFICaRUCLbRUCLcStackd1997-07-12enl0o297 CHI 1991r2016-12-05 00:00:00tC-6w2016-12-05yBK